000
00297nam a2200133Ia 4500
008
191201s2007 xx 000 0 und d
082
_a
005.133
_b
SIJ
100
_a
SIERRA, Kathy
245
0
_a
JAVA 2
260
_a
N.Delhi
_b
DREAMT
_c
2007
300
_a
411
650
_a
B.Tech(IT)
942
_2
ddc
_c
BK
999
_c
3119
_d
3119